Central Library OPAC University of Rajshahi

আরবী সাহিত্য-তত্ত্ব : (Record no. 47928)

MARC details
000 -LEADER
fixed length control field 01034nam a2200253 a 4500
001 - CONTROL NUMBER
control field 47928
003 - CONTROL NUMBER IDENTIFIER
rucl marc code BD-RjUL
005 - DATE AND TIME OF LATEST TRANSACTION
control field 20211209054427.0
008 - FIXED-LENGTH DATA ELEMENTS--GENERAL INFORMATION
fixed length control field 160811s1963 bg ||||| |||| 00| 0 ben d
020 ## - INTERNATIONAL STANDARD BOOK NUMBER
Terms of availability : Tk. 5.00
035 ## - SYSTEM CONTROL NUMBER
System control number (BD-RjUL)48047
040 ## - CATALOGING SOURCE
Original cataloging agency BD-RjUL
Language of cataloging ben
Transcribing agency BD-RjUL
041 ## - LANGUAGE CODE
Language code of text/sound track or separate title ben
082 ## - DEWEY DECIMAL CLASSIFICATION NUMBER
Edition number 23
Classification number 892.709
Author mark and year ALB 1963
100 1# - MAIN ENTRY--PERSONAL NAME
Personal name আল-বাকিল্লানী /
9 (RLIN) 145446
245 10 - TITLE STATEMENT
Title আরবী সাহিত্য-তত্ত্ব :
Remainder of title দশম শতাব্দীর আরবী-রীতি ও সমালোচনা /
Statement of responsibility, etc. আল-বাকিল্লানী ; ফজলুর রহমান, অনূদিত
250 ## - EDITION STATEMENT
Edition statement ১ম সং
260 ## - PUBLICATION, DISTRIBUTION, ETC. (IMPRINT)
Place of publication, distribution, etc. ঢাকা :
Name of publisher, distributor, etc. বাংলা একাডেমী,
Date of publication, distribution, etc. ১৯৬৩
300 ## - PHYSICAL DESCRIPTION
Pagination [৪], ১৮৫ পৃ. ;
Size ২০ সেমি.
650 ## - SUBJECT ADDED ENTRY--TOPICAL TERM
Topical term or geographic name as entry element আরবী সহিত্য
9 (RLIN) 145447
Topical term or geographic name as entry element Arabic literature
9 (RLIN) 145448
700 ## - ADDED ENTRY--PERSONAL NAME
Personal name রহমান, ফজলুর, অনূদিত
942 ## - ADDED ENTRY ELEMENTS (KOHA)
Source of classification or shelving scheme Dewey Decimal Classification
Koha item type Books
Holdings
Lost status Source of classification or shelving scheme Damaged status Not for loan Collection code Permanent Location Current Location Shelving location Date acquired Source of acquisition Cost, normal purchase price Total Checkouts Full call number Date last seen Date checked out Copy number Koha item type
  Dewey Decimal Classification     Non-fiction Central Library, University of Rajshahi Central Library, University of Rajshahi   17/05/1974 Bangla Academy, Dhaka 5.00 7 B 892.709 ALB 1963 04/09/2025 29/06/2025 C-2 Books
  Dewey Decimal Classification     Non-fiction Central Library, University of Rajshahi Central Library, University of Rajshahi   17/05/1974 Bangla Academy, Dhaka 5.00 1 B 892.709 ALB 1963 22/09/2022 15/09/2022 C-3 Books
  Dewey Decimal Classification   Not For Loan Non-fiction Central Library, University of Rajshahi Central Library, University of Rajshahi Reading Room 21/12/1966 N/A 5.00   B 892.709 ALB 1963 14/05/2017   C-1 Books